书目信息 |
| 题名: |
有机结构分析
|
|
| 作者: | 陈德恒 编 | |
| 分册: | ||
| 出版信息: | 北京 科学出版社 1985 |
|
| 页数: | 213页 | |
| 开本: | 26cm | |
| 丛书名: | ||
| 单 册: | ||
| 中图分类: | O621.15 | |
| 科图分类: | ||
| 主题词: | 有机结构化学--结构分析--测定--方法 | |
| 电子资源: | ||
| ISBN: | ||
| 000 | 00626nam0 2200229 45 | |
| 001 | 0185010731 | |
| 005 | 20050104112457.9 | |
| 010 | @dCNY3.30 | |
| 091 | @a13031.2825 | |
| 100 | @a19900816d1985 emky0chiy0121 ea | |
| 101 | 0 | @achi |
| 102 | @aCN@b110000 | |
| 105 | @ay z 000yy | |
| 200 | 10 | @a有机结构分析@Ayou ji jie gou fen xi@f陈德恒编@FChen De Heng Bian |
| 210 | @a北京@c科学出版社@d1985 | |
| 215 | @a213页@d26cm | |
| 606 | @a有机结构化学@x结构分析@x测定@x方法 | |
| 690 | @aO621.15@v3 | |
| 701 | 0 | @a陈德恒@4编 |
| 801 | 0 | @aCN@b深圳图书馆@c20040524 |
| 801 | 2 | @aCN@bNLC@c20040524 |
| 905 | @dO621.15@e22@f1@b139616 | |
| 有机结构分析/陈德恒编.-北京:科学出版社,1985 |
| 213页;26cm |
| ISBN :CNY3.30 |
| ● |
| 相关链接 |
|
|
|
|
正题名:有机结构分析
索取号:O621.15/22
 
预约/预借
| 序号 | 登录号 | 条形码 | 馆藏地/架位号 | 状态 | 备注 |
| 1 | 0139611 | 000700156 | 第三借阅区/ [索取号:O621.15/22] | 在馆 | |
| 2 | 0139612 | 000700138 | 第三借阅区/ [索取号:O621.15/22] | 在馆 | |
| 3 | 0139613 | 000700147 | 第三借阅区/ [索取号:O621.15/22] | 在馆 | |
| 4 | 0139614 | 000700165 | 第三借阅区/ [索取号:O621.15/22] | 在馆 | |
| 5 | 0139615 | 000700129 | 第三借阅区/ [索取号:O621.15/22] | 在馆 | |
| 6 | 0139616 | 001966590 | 第三借阅区/ [索取号:O621.15/22] | 在馆 |